Statistics for Best Current MLB Player From Every Country

Click here to take the quiz!

General Stats

  • This quiz has been taken 55 times
  • The average score is 7 of 20

Answer Stats

CountryPlayerTeam(s)% Correct
United StatesMike TroutAngels
92%
CanadaJoey VottoReds
70%
VenezuelaMiguel CabreraMarlins & Tigers
66%
ArubaXander BogaertsRed Sox
60%
Puerto RicoYadier MolinaCardinals
48%
JapanYu DarvishRangers & Dodgers
44%
Dominican RepublicAdrian BeltreDodgers, Mariners, Red Sox, Rangers
38%
ItalyAnthony RizzoPadres & Cubs
36%
CubaYoenis CéspedesA's, Rays, Tigers, Mets
36%
South KoreaShin-Soo ChooMariners, Indians, Reds, Rangers
32%
GermanyMax KeplerTwins
30%
BrazilYan GomesBlue Jays & Indians
26%
NicaraguaErasmo RamírezMariners & Rays
24%
NetherlandsDidi GregoriusReds, Diamondbacks, Yankees
22%
CuracaoAndrelton SimmonsBraves & Angels
20%
ColombiaJulio TeheránBraves
20%
AustraliaPeter MoylanBraves, Dodgers, Royals
12%
TaiwanWei-Yin ChenOrioles & Marlins
10%
PanamaCarlos RuizPhillies, Dodgers, Mariners
6%
MexicoMarco EstradaNationals, Brewers, Blue Jays
2%

Score Distribution

Percentile by Number Answered

Percent of People with Each Score

Your Score History

You have not taken this quiz